000 00454nam a2200181Ia 4500
005 20250603145151.0
008 250603s9999 xx 000 0 und d
020 _a9789780290726
050 _aPE 1479.B87 .J36/
100 _aJames, Sybil
245 0 _aIntroduction to communication for business and organizations
260 _aIbadan
260 _bSpectrum Books Limited
260 _c1990
300 _a113 p
650 _aIbadan
942 _cBK
999 _c41070
_d41070